000 00423nam a2200169Ia 4500
003 SGT
020 _a9789380027043
082 _a671
_bNAR
100 _aNarula,Virender
245 _aManufacturing processes
250 _a2nd Ed.
260 _bS.K. Kataria & SONS
_aN.Delhi
_c2009
300 _a378p.
650 _aMECHANICAL ENGINEERING
653 _aFERROUS METALS,METAL FORMING PROCESS AND CASTING
942 _2ddc
_cBK
999 _c5393
_d5393